Guidance for industry for the submission documentation for sterilization process validation in applications for human and veterinary drug products.

Bibliographic Details
Corporate Authors: Center for Drug Evaluation and Research (U.S.), Center for Veterinary Medicine (U.S.)
Format: Government Document eBook
Language:English
Published: [Rockville, Md.] : Center for Drug Evaluation and Research : Center for Veterinary Medicine, [1994]
Subjects:
Online Access:https://purl.fdlp.gov/GPO/LPS120591

MARC

Tag First Indicator Second Indicator Subfields
LEADER 00000cam a2200000Ia 4500
001 in00002592821
005 20211202193249.0
006 m d f
007 cr an|||||||||
008 100317s1994 mdu s f000 0 eng d
035 |a (OCoLC)ocn557343129 
040 |a GPO  |c GPO  |d MvI  |d UtOrBLW 
043 |a n-us--- 
049 |a WWW 
074 |a 0499-T (online) 
086 0 |a HE 20.4702:ST 4/2 
245 0 0 |a Guidance for industry for the submission documentation for sterilization process validation in applications for human and veterinary drug products. 
246 3 0 |a Submission documentation for sterilization process validation in applications for human and veterinary drug products 
264 1 |a [Rockville, Md.] :  |b Center for Drug Evaluation and Research :  |b Center for Veterinary Medicine,  |c [1994] 
300 |a 1 digital resource (vi, 18 pages) 
336 |a text  |b txt  |2 rdacontent 
337 |a computer  |b c  |2 rdamedia 
338 |a online resource  |b cr  |2 rdacarrier 
500 |a "CMC 2." 
500 |a "November 1994." 
500 |a Electronic resource. 
650 0 |a Drugs  |x Sterilization  |z United States. 
650 0 |a Drug approval  |z United States. 
710 2 |a Center for Drug Evaluation and Research (U.S.) 
710 2 |a Center for Veterinary Medicine (U.S.) 
856 4 0 |u https://purl.fdlp.gov/GPO/LPS120591  |t 0 
999 |a MARS 
999 f f |s 25dea730-0abd-3ec2-aced-e6b982136e1f  |i 54a6dfec-26bc-3a94-a63a-3ff6d66085c5  |t 0 
952 f f |a Texas A&M University  |b College Station  |c Electronic Resources  |d Available Online  |t 0  |e HE 20.4702:ST 4/2  |h Superintendent of Documents classification 
998 f f |a HE 20.4702:ST 4/2  |t 0  |l Available Online